| 000 | 01044nam0a22002651 4500 | ||
|---|---|---|---|
| 001 | rc\349650 | ||
| 005 | 20250621040554.0 | ||
| 010 |
_a5-08-002115-2 _9100000 |
||
| 035 | _a(NLR Aleph) 005564279 | ||
| 090 |
_a5944350 _c5944350 |
||
| 100 | _a20030307d1989 |||y0rusy50 ca | ||
| 101 | 0 | _arus | |
| 102 | _aRU | ||
| 105 | _aa ||||||||| | ||
| 200 | 1 |
_aДалекому другу _eСб. произведений писателей США и СССР _e[Для мл. и сред. возраста _fХудож. Б. Дольников] |
|
| 210 |
_aМ. _cДет. лит. _d1989 |
||
| 215 |
_a361, [5] с. _cил. _d22 |
||
| 327 | 1 | _aСодерж.: Разделы: Мы живем в США; Мы - дети Советской страны | |
| 464 | 0 |
_12001#$aМы живем в США _tМы живем в США |
|
| 464 | 0 |
_12001#$aМы - дети Советской страны _tМы - дети Советской страны |
|
| 801 | 0 |
_aRU _bNLR _gpsbo |
|
| 801 | 1 |
_aRU _bELAR _2rusmarc |
|
| 852 |
_aNLR _j89-3/14210 |
||
| 942 | _cBOOK | ||
| 980 | _aNB | ||